| 000 | 00941nac a22002777a 4500 | ||
|---|---|---|---|
| 001 | BR7302585 | ||
| 003 | BR-BrBNA | ||
| 005 | 20240105113507.0 | ||
| 008 | 230509b bl.|||m| |||| 00| 0 por d | ||
| 040 |
_aBR-BrBNA _bpor _cBiblioteca Nacional de Agricultura |
||
| 072 | _aF25 | ||
| 090 | _a2030 BR7302585 | ||
| 100 | 1 | _aCorrea, O. | |
| 110 | 1 | _aSecretaria de Estado dos Negocios da Agricultura, Industria e Comercio, Porto Alegre, RS (Brasil) | |
| 245 | 1 | _aAdubos verdes, o tremoco (Lupinus, sp.)e sua aplicacao no melhoramento das terras | |
| 260 | 3 |
_aPorto Alegre, RS (Brasil): _c1939. |
|
| 300 | _a50 p. | ||
| 490 |
_aBoletim - Secretaria de Estado dos Negocios da Agricultura, Industria e Comercio (Brazil) _vno. 26 _x |
||
| 650 | _aFertilidade do solo | ||
| 650 | _aAdubacao | ||
| 650 | _aAdubo verde | ||
| 650 | _aSolo | ||
| 650 | _aTremoco | ||
| 909 |
_a202312 _bLúcia Elande _c55 _dLúcia Elande |
||
| 942 |
_2AGRIS _n0 _cMS |
||
| 999 |
_c264046 _d264046 |
||